00811nam a2200253 a 450000100060000000300080000600500170001400800410003102000140007202000210008603500190010704000230012604100080014908200260015710000370018324500950022026000510031530000200036635000170038649000420040350400260044560000610047170000250053256494BD-RjUL20211209080414.0161129r19721968enk b 001 0 eng  a333044339 a333081528c56618 a(BD-RjUL)56618 aDLCcDLCdDLCbeng aeng00a822.3/3223bSHS 19721 aShakespeare, Williamd1945-1975.00aShakespeare : bAntony and Cleopatra /cWilliam Shakespeare ; Editor by Joha Russell Brown aLondon :bEdward Arnold,c1968[Reprinted 1972] a64 p. ;c20 cm. a£0.45 (pbk)0 aStudies in English literature, no. 44 aBibliography: p. [61]10aShakespeare, William,d1564-1616.tAntony and Cleopatra. a Brown, Joha Russell